[Event "Barcelona Sant Marti op-B 24th"]
[Site "Barcelona"]
[Date "2024.07.18"]
[Round "6"]
[White "Izquierdo Sanchez, Alejandro"]
[Black "Gutierrez Caspe, Juan Antonio"]
[Result "1-0"]
[WhiteElo "1484"]
[BlackElo "1647"]
[PlyCount "71"]
[EventDate "2024.07.13"]
[EventType "swiss"]
[EventRounds "9"]
[EventCountry "ESP"]
[SourceTitle "EXT 2025"]
[Source "ChessBase"]
[SourceDate "2024.10.14"]
[SourceVersion "1"]
[SourceVersionDate "2024.10.14"]
[SourceQuality "1"]

1. e4 e5 2. Nf3 Nc6 3. Bc4 Nf6 4. d3 h6 5. c3 Be7 6. Nbd2 d6 7. b4 a6 8. 0-0 0-0 9. Re1 b5 10. Bb3 Bb7 11. Nf1 a5 12. bxa5 Nxa5 13. Bc2 c5 14. Ng3 Qb6 15. Rb1 Qc6 16. Nf5 Rfe8 17. Nxe7+ Rxe7 18. Nh4 Bc8 19. Nf5 Bxf5 20. exf5 Rae8 21. Re3 d5 22. Rg3 Kh7 23. Qd2 Nh5 24. Rh3 Nf4 25. Rf3 Nb7 26. d4 e4 27. Rxf4 Qf6 28. Rxb5 e3 29. fxe3 Rxe3 30. Rf1 Re2 31. Rb6 Qxb6 32. f6+ Kg8 33. Qd3 R8e4 34. Qg3 g6 35. Bxe4 Rxe4 36. Qb8+ 1-0

[Event "Barcelona Sant Marti op-B 24th"]
[Site "Barcelona"]
[Date "2024.07.14"]
[Round "2"]
[White "Gutierrez Caspe, Juan Antonio"]
[Black "Karapetyan Hovhannisyan, David"]
[Result "0-1"]
[WhiteElo "1647"]
[BlackElo "1495"]
[PlyCount "69"]
[EventDate "2024.07.13"]
[EventType "swiss"]
[EventRounds "9"]
[EventCountry "ESP"]
[SourceTitle "EXT 2025"]
[Source "ChessBase"]
[SourceDate "2024.10.14"]
[SourceVersion "1"]
[SourceVersionDate "2024.10.14"]
[SourceQuality "1"]

1. e4 e5 2. Nf3 Nf6 3. Nc3 Nc6 4. d4 exd4 5. Nxd4 Bb4 6. a3 Ba5 7. Bc4 0-0 8. Bg5 Qe7 9. b4 Bb6 10. 0-0 Bxd4 11. Nd5 Qd6 12. Rb1 Nxd5 13. exd5 Qe5 14. dxc6 d5 15. cxb7 Bxb7 16. Bb3 Bxf2+ 17. Rxf2 Qxg5 18. Qf3 Rae8 19. Qh3 Bc8 20. Qd3 Bb7 21. Rbf1 Qg6 22. Qd4 Ba6 23. Rd1 Qe4 24. Qxe4 Rxe4 25. Bxd5 Re5 26. Bxf7+ Kh8 27. h3 Re7 28. Bb3 Rfe8 29. Rfd2 Re1+ 30. Rxe1 Rxe1+ 31. Kf2 Rf1+ 32. Kg3 h6 33. c4 Rc1 34. Bc2 Bxc4 35. Rd8+ 0-1

[Event "Barcelona Sant Marti op-B 23rd"]
[Site "Barcelona"]
[Date "2023.07.16"]
[Round "4"]
[White "Sacristan Collado, Lucas"]
[Black "Gutierrez Caspe, Juan Antonio"]
[Result "1/2-1/2"]
[WhiteElo "1453"]
[BlackElo "1476"]
[PlyCount "73"]
[EventDate "2023.07.13"]
[EventType "swiss"]
[EventRounds "9"]
[EventCountry "ESP"]
[SourceTitle "CBM 215 Extra"]
[Source "ChessBase"]
[SourceDate "2023.09.30"]
[SourceVersion "1"]
[SourceVersionDate "2023.09.30"]
[SourceQuality "1"]

1. e4 e5 2. Nf3 Nc6 3. Bc4 h6 4. c3 Nf6 5. d3 a6 6. Nbd2 Be7 7. 0-0 0-0 8. Re1 d6 9. Nf1 b5 10. Bb3 Na5 11. Bc2 c6 12. d4 Qc7 13. dxe5 dxe5 14. Ng3 Rd8 15. Qe2 Nb7 16. Be3 Be6 17. Red1 Ng4 18. b3 c5 19. h3 Nxe3 20. Qxe3 a5 21. a3 c4 22. b4 axb4 23. axb4 Rxd1+ 24. Rxd1 Ra2 25. Rc1 Ra3 26. Qd2 Ra2 27. Qe3 Nd6 28. Nxe5 Bf6 29. Nf3 Be7 30. Nd4 Bg5 31. f4 Bh4 32. Nxe6 fxe6 33. e5 Nc8 34. Bb1 Rb2 35. Rd1 Qb7 36. Be4 Qc7 37. Kh2 1/2-1/2

[Event "Barcelona Sant Marti op 10th"]
[Site "Barcelona"]
[Date "2023.02.02"]
[Round "4"]
[White "Gutierrez Caspe, Juan Antonio"]
[Black "Subirana Santos, Marc"]
[Result "1-0"]
[WhiteElo "1700"]
[BlackElo "1573"]
[PlyCount "77"]
[EventDate "2023.01.12"]
[EventType "swiss"]
[EventRounds "9"]
[EventCountry "ESP"]
[SourceTitle "CBM 213 Extra"]
[Source "ChessBase"]
[SourceDate "2023.05.31"]
[SourceVersion "1"]
[SourceVersionDate "2023.05.31"]
[SourceQuality "1"]

1. e4 e6 2. Nf3 d5 3. e5 c5 4. c3 Nc6 5. d4 Qb6 6. Be2 cxd4 7. cxd4 Bb4+ 8. Nc3 Bd7 9. 0-0 Nh6 10. a3 Be7 11. b4 Nf5 12. Na4 Qd8 13. Bb2 0-0 14. Rb1 b6 15. Bd3 Qe8 16. b5 Na5 17. Nc3 Rc8 18. a4 Nc4 19. Qe2 Bb4 20. Bxf5 exf5 21. Nxd5 Ba5 22. Rfc1 Be6 23. Nf4 Nxb2 24. Qxb2 Qd7 25. Ng5 Bd5 26. Nxd5 Qxd5 27. h4 h6 28. Nh3 Rfd8 29. Rxc8 Rxc8 30. Nf4 Qe4 31. g3 Rc2 32. Qb3 Rd2 33. e6 fxe6 34. Rc1 Kh7 35. Nxe6 h5 36. Ng5+ Kh6 37. Nxe4 fxe4 38. Rc6+ Kh7 39. Qe6 1-0